Geography Quiz

Random Geography or City Quiz

World Metro by Station Quiz Stats

Quiz Updated Feb 17, 2012

Challenge
Share
Tweet
Embed
Score 0/32 Timer 07:00
0 Plays Today
stations city % Correct
Charing Cross, Victoria, Piccadilly CircusLondon
95.8%
Times Square-42 St, Canal Street, Broadway-LafayetteNew York
86.7%
Gare du Nord, République, Franklin D. RooseveltParis
82.4%
Potsdamer Platz, Alexanderplatz, FriedrichstrasseBerlin
73.7%
Tian'anmen West, Dongdan, Renmin UniversityBeijing
72.9%
Metro Center, Smithsonian, L'Enfant PlazaWashington
72.5%
State/Lake, Sox-35th, Merchandise MartChicago
72.1%
Flaminio, Termini, ColosseoRome
70.8%
Juarez, Zapotitlán, Salto del AguaMexico City
67.1%
Nevsky Prospect, Ploshchad Lenina, PetrogradskayaSt. Petersburg
65.4%
Xujiahui, Zhongshan Park, People's SquareShanghai
64.9%
Park Pobedy, Vorobyovy Gory, ElektrozavodskayaMoscow
61%
Back Bay, Mass Ave, AquariumBoston
60.7%
Shinjuku, Ginza, IkebukuroTokyo
60.3%
Hauptbahnhof, Max-Weber-Platz, Olympia-EinkaufszentrumMunich
55.7%
Passeig de Gracia, Espanya, Les Tres TorresBarcelona
52.6%
stations city % Correct
Můstek, Muzeum, Pražského povstáníPrague
50.7%
Chungjeongno, Incheon, Guro Digital ComplexSeoul
50.7%
Saint-Laurent, McGill, Berri-UQAMMontreal
49.2%
Imam Khomeini, Darvazeh Dowlat, Ali AbadTehran
45.7%
Sé, São Bento, Alto do IpirangaSao Paulo
45.6%
Sadat, Mubarak, Road El-FaragCairo
45.4%
Kowloon, Tsim Sha Tsui, Prince EdwardHong Kong
44.3%
Chawri Bazar, Kashmere Gate, Patel NagarDelhi
41.4%
Bolivar, 9 de Julio, Avenida de MayoBuenos Aires
41.2%
Five Points, Peachtree Center, BuckheadAtlanta
40.5%
T-Centralen, Västra skogen, KungsträdgårdenStockholm
39.4%
Avenida De América, Cuatro Caminos, Diego de LeónMadrid
36.9%
Embarcadero, Civic Center, CastroSan Francisco
34%
Shinsaibashi, Nippombashi, Higashi-UmedaOsaka
27.7%
Bloor-Yonge, Dundas West, Queen's ParkToronto
25.3%
Dhoby Ghaut, HarbourFront, Choa Chu KangSingapore
22.5%

You're not logged in!

Compare scores with friends on all Sporcle quizzes.
Join for Free
OR
Log In

You Might Also Like...

Show Comments

Extras

Top Quizzes Today


Score Distribution

Your Account Isn't Verified!

In order to create a playlist on Sporcle, you need to verify the email address you used during registration. Go to your Sporcle Settings to finish the process.

Report this User

Report this user for behavior that violates our Community Guidelines.

Details: